| 000 | 00365nam a2200109Ia 4500 | ||
|---|---|---|---|
| 008 | 171211s9999 xx 000 0 und d | ||
| 245 | _aWho's Who in the Zoo?: An Inside Story of Corruption, Crooks and Killers | ||
| 245 | _cBen Robertson and Domenico "Mick" Cacciola | ||
| 260 | _c2014 | ||
| 650 | _xBiography | ||
| 856 | _uhttp://down.ebook777.com/065/0702249912.pdf | ||
| 999 |
_c349879 _d349879 |
||